000 00982cam a2200265 a 4500
001 000009617
005 20200929161638.0
008 850507s1990 cu 001 0bspa
035 _a(DLC) 85839976
040 _aDO-SdBNP
_bspa
_cDLC
_dBNPHU
082 _aCu868.44
_bS961m
100 1 _aSurí Quesada, Emilio,
_d1952-
_924466
245 1 3 _aEl mejor hombre de la guerrilla /
_cEmilio Surí Quesada.
260 _aLa Habana, (Cuba) :
_bCapitán San Luis,
_c1990.
300 _a237 p. ;
_c18 cm.
490 1 _aTestimonio
500 _aElaborado a partir de entrevistas con familiares y conocidos de El Capitán San Luis, Eliseo Reyes Rodríguez.
600 1 0 _aREYES RODRÍGUEZ, ELISEO,
_d1940-1967.
_vBIOGRAFÍA
_924467
650 4 _aEntrevistas (periodismo)
_xAspectos sociales
_zCuba
_924468
650 4 _aLiteratura cubana
_ySIGLO XX
_99186
651 4 _aBolivia
_xHistoria
_y1938
_924469
830 0 _aTestimonio.
_916115
910 _aCatalogación por copia / LC
049 _aBNGR
999 _c9377
_d9377